000
00285nam a22001337a 4500
008
180928b xxu||||| |||| 00| 0 eng d
020
_a
9781903470084
041
_a
eng
080
_a
701
100
_a
44
101
_a
ART
245
_a
Gainsborough pop
_c
Belsey,H
942
_2
udc
_c
BK
999
_c
48666
_d
48666